Catalog

Record Details

Catalog Search



Science and Evolution : Developing a Christian Worldview /  Charles Colson, Nancy Pearcey Cover Image Book Book

Science and Evolution : Developing a Christian Worldview /  Charles Colson, Nancy Pearcey

Colson, Charles (Author). Pearcey, Nancy (Added Author).

Record details

  • ISBN: 0-8423-5583-9
  • Physical Description: 199 s.
  • Publisher: Illinois,Wheaton :  Tyndale House Publishers ,  1996

Available copies

  • 1 of 1 copy available at Common Catalog SPOK.

Holds

  • 0 current holds with 1 total copy.
Show Only Available Copies
Location Call Number / Copy Notes Barcode Shelving Location Status Due Date
ETS Library 261.55 424470010471 Volný výběr Available -

LDR 00717nam a2 00253
00141557
003CZ-PrJAB
00520201023175839.0
008060105s1996 xxu e |||| |eng
009us
020 . ‡a0-8423-5583-9
035 . ‡a(CONS)8115
035 . ‡aKPS12266
040 . ‡aABG450
041 . ‡aeng
08214. ‡a261.55
100 . ‡76198 ‡aColson, Charles
245 . ‡aScience and Evolution : ‡bDeveloping a Christian Worldview /  ‡nCharles Colson, Nancy Pearcey
260 . ‡aIllinois,Wheaton :  ‡bTyndale House Publishers ,  ‡c1996
300 . ‡a199 s.
653 . ‡aScience and Evolution
700 . ‡75655 ‡aPearcey, Nancy
8524 . ‡bETS ‡bETS ‡cVolný výběr ‡j261.55 ‡gA ‡p424470010471
910 . ‡aABG450
999 . ‡a8115 ‡bAUTOGEN ‡c8115 ‡tbiblio
905 . ‡uadmin
901 . ‡a41557 ‡bCZ-PrJAB ‡c41557 ‡tbiblio ‡sets

Additional Resources